000 00338nam a2200097Ia 4500
008 220120s9999||||xx |||||||||||||| ||und||
100 _aJanet Hunt, Shruthi P.S, Hithashree A.N and Pavan Kumar S.V
_912340
245 0 _aRouting simmulator
260 _aCoorg Institute of Technology
_bPonnampet
_c2011
650 _aELECTRONICS AND COMMUNICATIONS
999 _c137926
_d137926